| 000 | 00000nam 2200000zi 4500 |
| 001 | 9.930759 |
| 003 | CaOODSP |
| 005 | 20250107144059 |
| 006 | m o d f |
| 007 | cr mn||||||||| |
| 008 | 231123t20242024onca obs f000 0 eng d |
| 020 | |a9780660689906 |
| 040 | |aCaOODSP|beng|erda|cCaOODSP |
| 043 | |an-cn--- |
| 086 | 1 |aCS11-627/2023-67E-PDF |
| 245 | 04|aThe scoop on vitamin D : |bsources for every season. |
| 264 | 1|a[Ottawa] : |bStatistics Canada = Statistique Canada, |c[2024] |
| 264 | 4|c©2024 |
| 300 | |a1 online resource (1 page) : |bcolour illustrations |
| 336 | |atext|btxt|2rdacontent |
| 337 | |acomputer|bc|2rdamedia |
| 338 | |aonline resource|bcr|2rdacarrier |
| 500 | |aIssued also in French under title: À la découverte de la vitamine D : des sources pour chaque saison. |
| 500 | |a"Catalogue number: 11-627-M." |
| 504 | |aIncludes bibliographical references. |
| 520 | |a"This infographic details the prevalence of vitamin D inadequacy among the Canadian population aged 3 to 79 by focusing on risk factors as well as behaviours that can reduce the likelihood of low vitamin D"--Provided by publisher. |
| 650 | 0|aVitamin D|xHealth aspects|zCanada|vStatistics. |
| 655 | 7|aStatistics|2lcgft |
| 710 | 2 |aStatistics Canada, |eissuing body. |
| 775 | 08|tÀ la découverte de la vitamine D : |w(CaOODSP)9.930761 |
| 856 | 40|qPDF|s467 KB|uhttps://publications.gc.ca/collections/collection_2024/statcan/11-627-m/11-627-m2023067-eng.pdf |
| 856 | 4 |qHTML|sN/A|uhttps://www150.statcan.gc.ca/n1/pub/11-627-m/11-627-m2023067-eng.htm |
| 986 | |a11-627-M |